| 000 | 00837nam a2200205Ia 4500 | ||
|---|---|---|---|
| 003 | OSt | ||
| 005 | 20210715135930.0 | ||
| 008 | 210310s1999 ck adb fr 000 0 spa d | ||
| 040 |
_aCO-JMCR _cCO-JMCR |
||
| 041 | 0 | _aspa | |
| 082 | 0 | 4 |
_a332.6732 / _bC679c _223 |
| 110 | 2 |
_aCoinvertir _938492 |
|
| 245 | 1 | 0 |
_aColombia : _bguía para la inversión extranjera / _cCoinvertir |
| 260 |
_aBogotá : _bCoinvertir, _c1999 |
||
| 300 |
_a99 páginas : _bilustraciones, gráficas y mapas a color ; _c28 cm. |
||
| 505 | 0 | _aEl mercado potencial -- Desempeño macroeconómico y perspectivas -- Colombia como plataforma exportadora -- Las instituciones -- Orden público - Comportamiento sectorial de la inversión extranjera | |
| 650 | 1 | 4 |
_aInversiones extranjeras _916409 _xColombia |
| 651 | 4 |
_aColombia _xComercio exterior _936905 |
|
| 942 |
_2ddc _cBK |
||
| 999 |
_c8126 _d8126 |
||